Statistics for All SSBU Characters By Their Final Smash(es)

Click here to take the quiz!

General Stats

  • This quiz has been taken 89 times
  • The average score is 50 of 83

Answer Stats

BrawlSSB4SSBUAnswer% Correct
----- FinaleMario
96%
Konga BeatJungle RushDonkey Kong
94%
Giga ------Giga ------ PunchBowser
91%
Triforce SlashAncient Bow & ArrowLink
85%
Zero LaserSamus
85%
Cook -----Ultra SwordKirby
81%
Phazon LaserDark Samus
80%
PK StarstormLucas | Ness
80%
Mega LegendsMega Man
80%
Shadow Mario PaintBowser Jr.
78%
Rocketbarrrel BarrageHyper RocketbarrelDiddy Kong
78%
Beast Ganon / Ganon,
the Demon King
Ganondorf
76%
OmnislashOmnislash/ Omnislash Ver. 5Cloud
74%
Shippu Jinraikyaku / ShinryukenKen
74%
Giga MacGiga Mac RushLittle Mac
74%
Sealing the KeyholeSora
74%
LandmasterTeam Star ---Fox | Falco
72%
Critical HitMarth
72%
----- BlossomPeach
72%
Volt TacklePikachu
72%
Palutena's ArmyThree Sacred TreasuresLightning ChariotPit
72%
----- BlossomDaisy
70%
---- --- StaffDark Pit
70%
Critical HitLucina | Roy
70%
Negative ZonePoltergust 5000Poltergust G-00Luigi
70%
Volt TacklePichu
70%
Doctor FinaleDoctor Mario
69%
Max Malicious MoonsaultIncineroar
69%
Petey PiranhaPiranha Plant
69%
Triforce SlashYoung Link
69%
Light ArrowTriforce of WisdomZelda
69%
Puff UpJigglypuff
67%
Aura StormMega -------Aura StormLucario
67%
PsystrikeMewtwo
67%
ARMS RushMin-Min
67%
OctopusMr. Game & Watch
67%
Power Suit SamusGunshipZero LaserZero Suit Samus
67%
Dream Town HallIsabelle
65%
Waddle Dee Army------ Burst-----RushKing Dedede
65%
Triforce SlashToon Link
65%
Light ArrowSheikah DanceSheik
63%
IcebergIcebergIce Climbers
61%
Triple FinishTriple FinishPokémon Trainer
61%
Diffusion BeamSuper Diffusion BeamGuided Robo BeamR.O.B.
61%
Super DragonStampede!Yoshi
61%
The Mighty JinjonatorBanjo-Kazooie
59%
Great AetherIke
59%
Galaxia DarknessDarkness IllusionMeta Knight
59%
Wario-ManWario
59%
Black Hole LaserPalutena
57%
Burning SwordPyra
57%
SupernovaSephiroth
57%
Grand CrossSimon | Richter
56%
Secret Ninja AttackGreninja
54%
Plasma ScreamRidley
54%
Dream HomeVillager
54%
Awakening AetherChrom
52%
Shin Shoryuken / Shinku HadokenRyu
52%
Triple WolfTerry
52%
LandmasterTeam Star ----Wolf
52%
Progenitor God Ruptured HeavenByleth
50%
Killer WailInkling
50%
All-Out AttackJoker
48%
Sacred ArrowMythra
48%
Power Star / Grand StarRosalina & Luma
48%
NES Zapper PosseDuck Hunt
46%
Blast-O-MaticKing K. Rool
46%
Infernal ClimaxBayonetta
44%
Chain AttackShulk
44%
House of DoomSteve
43%
Torrential RoarCorrin
41%
GigaslashHero
41%
Grenade LauncherCovering FireSnake
41%
Mega --------- XCharizard
39%
Full BlastMii Gunner
39%
Final EdgeMii Swordfighter
37%
End of DayOlimar
37%
Pair UpRobin
37%
Omega BlitzMii Brawler
35%
Final BlasterKazuya
33%
W-- F--Wii Fit Trainer
31%
Super -------Pac-Man
26%
Super -----Sonic
20%

Score Distribution

Percentile by Number Answered

Percent of People with Each Score

Your Score History

You have not taken this quiz